| 000 | 00429nam a22001337a 4500 | ||
|---|---|---|---|
| 008 | 140905b xxu||||| |||| 00| 0 eng d | ||
| 020 | _a040692614x | ||
| 050 | _aKD1715.A52 L44(Index) | ||
| 245 | _aLegal decisions affecting bankers:combined index and table of cases vols 1-14 | ||
| 260 |
_aLondon: _bButterworths, _c2001. |
||
| 300 |
_a129p.: _c24cm |
||
| 440 |
_pCombined index and table of cases _vvolumes 1-14 |
||
| 942 |
_2lcc _cBK |
||
| 999 |
_c4402 _d11902 |
||